English as a second language for Cambridge IGCSERG / (Record no. 3449)

MARC details
000 -LEADER
fixed length control field 01215nam a22002657a 4500
001 - CONTROL NUMBER
control field 3449
003 - CONTROL NUMBER IDENTIFIER
control field FISKH
005 - DATE AND TIME OF LATEST TRANSACTION
control field 20250324141124.0
008 - FIXED-LENGTH DATA ELEMENTS--GENERAL INFORMATION
fixed length control field 240306b cb ||||| |||| 00| 0 eng d
020 ## - INTERNATIONAL STANDARD BOOK NUMBER
International Standard Book Number 9780198392880
040 ## - CATALOGING SOURCE
Original cataloging agency FISKH
Language of cataloging eng
Transcribing agency FISKH
Modifying agency FISKH
050 ## - LIBRARY OF CONGRESS CALL NUMBER
Classification number PZ7
082 ## - DEWEY DECIMAL CLASSIFICATION NUMBER
Classification number 428.24
100 ## - MAIN ENTRY--PERSONAL NAME
Personal name Akhurst, Christ
245 ## - TITLE STATEMENT
Title English as a second language for Cambridge IGCSERG /
Statement of responsibility, etc. Christ Akhurst ; Lucy Bowly ; Brian Dyer ; Dean Roberts
260 ## - PUBLICATION, DISTRIBUTION, ETC.
Place of publication, distribution, etc. UK :
Name of publisher, distributor, etc. Oxford,
Date of publication, distribution, etc. 2014.
300 ## - PHYSICAL DESCRIPTION
Extent 259 pages :
Other physical details color illustrations ;
Dimensions 28 cm
520 ## - SUMMARY, ETC.
Summary, etc. Matched to the Cambridge IGCSE syllabus, this comprehensive resource helps learners acquire crucial English language skills. Exam-style audio material can be found on the accompanying CD, so students can get realistic listening practice, including practice of the 'listening for inference' component - a crucial requirement of the latest syllabus. Exam practice is integrated throughout, driving top achievement in the four key skills.
650 ## - SUBJECT ADDED ENTRY--TOPICAL TERM
Topical term or geographic name entry element English Second Languages
General subdivision Cambridge
700 ## - ADDED ENTRY--PERSONAL NAME
Personal name Bowly, Lucy
Relator term Author
700 ## - ADDED ENTRY--PERSONAL NAME
Personal name Dyer, Brian
Relator term Author
700 ## - ADDED ENTRY--PERSONAL NAME
Personal name Roberts, Dean
Relator term Author
942 ## - ADDED ENTRY ELEMENTS (KOHA)
Source of classification or shelving scheme Dewey Decimal Classification
Koha item type Books
Suppress in OPAC No
Holdings
Withdrawn status Lost status Source of classification or shelving scheme Damaged status Not for loan Collection Home library Current library Shelving location Date acquired Total Checkouts Full call number Barcode Date last seen Copy number Price effective from Koha item type
    Dewey Decimal Classification     Non-Fiction Footprints International School Library Network Toul Kork Campus Footprints International School Library Network Toul Kork Campus   03/06/2024   AKH 428.24 PZ7 FISSE03163 03/06/2024 1 03/06/2024 Books
    Dewey Decimal Classification     Non-Fiction Footprints International School Library Network Toul Tom Poung Campus Footprints International School Library Network Toul Tom Poung Campus TTP Secondary Non-Fiction Bookshelves 03/06/2024   AKH 428.24 PZ7 FISSE03128 01/13/2025 2 03/06/2024 Books
    Dewey Decimal Classification     Non-Fiction Footprints International School Library Network Toul Tom Poung Campus Footprints International School Library Network Toul Tom Poung Campus TTP Secondary Non-Fiction Bookshelves 03/06/2024   AKH 428.24 PZ7 2025-0027 01/14/2025 3 03/06/2024 Books
    Dewey Decimal Classification     Non-Fiction Footprints International School Library Network Toul Tom Poung Campus Footprints International School Library Network Toul Tom Poung Campus TTP Secondary Non-Fiction Bookshelves 03/06/2024   AKH 428.24 PZ7 FISSE04488 01/21/2025 4 03/06/2024 Books
    Dewey Decimal Classification     Non-Fiction Footprints International School Library Network Toul Tom Poung Campus Footprints International School Library Network Toul Tom Poung Campus TTP Secondary Non-Fiction Bookshelves 03/24/2025   AKH 428.24 PZ7 FISSE03276 03/24/2025 5 03/24/2025 Books